[Event "IBM-B"]
[Site "Amsterdam"]
[Date "1971.??.??"]
[Round "7"]
[White "Enklaar, Bertus F"]
[Black "Hecht, Hans Joachim"]
[Result "1/2-1/2"]
[WhiteElo "2400"]
[BlackElo "2470"]

1.d4 Nf6 2.c4 e6 3.Nf3 b6 4.a3 Bb7 5.Nc3 d5 6.Bg5 Be7 7.e3 O-O 8.Rc1 Nbd7
9.cxd5 exd5 10.Bd3 h6 11.Bf4 a6 12.Bf5 c5 13.O-O Nh5 14.Bxd7 Nxf4 15.Bf5 Ne6
16.Ne5 Qd6 17.Bb1 Rfd8 18.f4 Bf6 19.Qh5 Qe7 20.Rce1 Nf8 21.Rf3 Rd6 22.g4 Bc8
23.g5 hxg5 24.fxg5 Bxe5 25.dxe5 Rg6 26.Bxg6 fxg6 27.Nxd5 Qe6 28.Rxf8+ Kxf8
29.Qf3+ Qf5 30.Qg3 Qg4 31.Rf1+ Kg8 32.Qxg4 Bxg4 33.Rf4 Bh5 34.e6 Re8 35.e7 Bd1
36.Kf2 Bb3 37.Nxb6 Rxe7 38.e4 Rb7 39.Nd5 Bxd5 40.exd5 Rd7 41.h4 Rxd5 42.Ke2 Rd6
43.Ke3 Rd1 44.Rf2 Rd5 45.Rf3 Rd7 46.Rf1 Rd6 47.Rc1 Rd5 48.Ke4 Rd2 49.b3 Rd4+
50.Ke5 Rd3 51.Rxc5 Rxb3 52.Ra5 Rb6 53.Rd5 Rb3 54.Ra5 Rb6 55.Kd5 Kf7 56.Rc5 Rb3
57.Rc7+ Kg8 58.a4 a5 59.Rc5 Rb4  1/2-1/2

[Event "Vrnjacka Banja"]
[Site "Vrnjacka Banja"]
[Date "1971.??.??"]
[Round "?"]
[White "Vaganian, Rafael A"]
[Black "Damjanovic, Mato"]
[Result "1-0"]
[WhiteElo "2480"]
[BlackElo "2500"]

1.d4 Nf6 2.c4 e6 3.Nf3 b6 4.a3 Bb7 5.Nc3 d5 6.Bg5 Be7 7.e3 O-O 8.cxd5 exd5
9.Bd3 Ne4 10.Bf4 c5 11.Rc1 Nxc3 12.Rxc3 c4 13.Bb1 Nd7 14.O-O b5 15.Ne5 Nxe5
16.Bxe5 g6 17.f3 Re8 18.Rc2 a5 19.g3 Bf8 20.h4 Qb6 21.Bf4 f6 22.Re2 Rad8
23.g4 b4 24.axb4 axb4 25.h5 g5 26.Bg3 b3 27.Be1 Bd6 28.Bc3 Re7 29.Qe1 Rde8
30.Qf2 Qc7 31.Kg2 Qb6 32.Kh3 Bc7 33.Rfe1 Qd6 34.e4 dxe4 35.fxe4 f5 36.e5 fxg4+
37.Kxg4 Qd5 38.Rf1 Bc8+ 39.Kg3 Qc6 40.Be4 Qe6 41.Bf5 Qh6 42.Bxc8 Rxc8 43.Qf6 Qxh5
44.Qxe7  1-0

[Event "WchT U26"]
[Site "Graz"]
[Date "1972.??.??"]
[Round "3"]
[White "Vaganian, Rafael A"]
[Black "Farago, Ivan"]
[Result "1-0"]
[WhiteElo "2510"]
[BlackElo "2425"]

1.d4 e6 2.c4 Nf6 3.Nf3 b6 4.a3 Bb7 5.Nc3 d5 6.Bg5 Be7 7.e3 Nbd7 8.cxd5 Nxd5
9.Bxe7 Qxe7 10.Nxd5 Bxd5 11.Rc1 Qd6 12.Qc2 c5 13.e4 Bb7 14.Bb5 O-O 15.O-O Rac8
16.Qa4 Rfd8 17.Rfd1 cxd4 18.Rxc8 Bxc8 19.Qxd4 Qxd4 20.Rxd4 f6 21.Rd6 e5 22.Nh4 Kf8
23.h3 g6 24.Bxd7 Bxd7 25.Rxf6+ Ke7 26.Rf3 Bc6 27.Re3 Rd1+ 28.Kh2 Rd2 29.Nf3 Rxf2
30.Nxe5 Bb7 31.b4 Rf4 32.Rf3 g5 33.Rxf4 gxf4 34.Nd3 Bxe4 35.Nxf4 Kd6 36.g4 Kc6
37.Ne2 Bd3 38.Nf4 Bc4 39.g5 Kb5 40.h4 Ka4 41.h5 Kxa3 42.h6 Kxb4 43.g6  1-0

[Event "NLD-ch"]
[Site "Leeuwarden"]
[Date "1972.??.??"]
[Round "10"]
[White "Kuijpers, Franciscus Antonius"]
[Black "Bohm, Hans"]
[Result "1-0"]
[WhiteElo "2400"]
[BlackElo "2250"]

1.d4 Nf6 2.c4 e6 3.Nf3 b6 4.a3 Bb7 5.Nc3 Ne4 6.Nxe4 Bxe4 7.e3 Be7 8.Be2 O-O
9.O-O d5 10.Nd2 Bg6 11.b4 c6 12.Qb3 Nd7 13.Bb2 Nf6 14.f3 Qd7 15.Rfc1 Rfc8
16.Rc3 c5 17.Rcc1 b5 18.cxd5 c4 19.dxe6 Qxe6 20.Nxc4 bxc4 21.Bxc4 Qf5 22.e4 Qg5
23.Ba6 Rd8 24.Re1 Nh5 25.Qe3 Nf4 26.g3 Qf6 27.Bf1 Ne6 28.Rad1 Bh5 29.Bg2 Rac8
30.Re2 Ng5 31.g4 Qh6 32.gxh5 Qxh5 33.f4 Ne6 34.Red2 Rc2 35.Bf3 Qg6+ 36.Kh1 Rdc8
37.d5 Nxf4 38.Qxf4 Bd6 39.Qg4 Qh6 40.Qg2  1-0

[Event "Hoogovens-B"]
[Site "Wijk aan Zee"]
[Date "1972.??.??"]
[Round "?"]
[White "Enklaar, Bertus F"]
[Black "Hecht, Hans Joachim"]
[Result "0-1"]
[WhiteElo "2410"]
[BlackElo "2485"]

1.d4 Nf6 2.c4 e6 3.Nf3 b6 4.a3 Bb7 5.Nc3 g6 6.Bg5 h6 7.Bh4 Bg7 8.e3 d6 9.d5 g5
10.Bg3 Nh5 11.Nd4 Nxg3 12.hxg3 c5 13.dxc6 Nxc6 14.Ndb5 O-O 15.Nxd6 Ba6 16.Ndb5 Qe7
17.Be2 Rfd8 18.Qc2 Rac8 19.Rd1 Rxd1+ 20.Nxd1 Bb7 21.O-O a6 22.Nbc3 Na5 23.c5 Qxc5
24.b4 Qc7 25.bxa5 b5 26.Qd3 Bxc3 27.Nxc3 Qxc3 28.Qd7 Qc7 29.Rd1 Bd5 30.Qxc7 Rxc7
31.Bf3 Rc3 32.Bxd5 exd5 33.a4 bxa4 34.Rxd5 a3 35.Rd1 a2 36.Ra1 Rc2 37.f3 Rb2
38.Kh2 h5 39.Kh3 Rb1  0-1

[Event "Hoogovens-B"]
[Site "Wijk aan Zee"]
[Date "1972.??.??"]
[Round "?"]
[White "Enklaar, Bertus F"]
[Black "Garcia Martinez, Silvino"]
[Result "1-0"]
[WhiteElo "2410"]
[BlackElo "2335"]

1.d4 Nf6 2.c4 e6 3.Nf3 b6 4.a3 d5 5.Bg5 Be7 6.e3 O-O 7.Nc3 h6 8.Bxf6 Bxf6
9.Rc1 a6 10.Be2 Bb7 11.cxd5 exd5 12.O-O Qd6 13.b4 Nd7 14.Qb3 Rfe8 15.Ne1 c6
16.Bf3 b5 17.Rd1 a5 18.Nd3 axb4 19.Nxb4 Be7 20.e4 dxe4 21.Nxe4 Qg6 22.Rfe1 Bf8
23.Ng3 Nb6 24.Rxe8 Rxe8 25.Nd3 Nc4 26.a4 Rd8 27.axb5 Rxd4 28.Qc3 Rh4 29.Re1 Na3
30.Ne5 Qf6 31.bxc6 Bb4 32.cxb7 Bxc3 33.b8=Q+ Kh7 34.Nd7  1-0

[Event "EU-chT"]
[Site "Bath"]
[Date "1973.??.??"]
[Round "5"]
[White "Petrosian, Tigran V"]
[Black "Lombard, Andre"]
[Result "1-0"]
[WhiteElo "2640"]
[BlackElo "2400"]

1.d4 Nf6 2.c4 e6 3.Nf3 b6 4.a3 Bb7 5.Nc3 d5 6.cxd5 Nxd5 7.e3 Nd7 8.Nxd5 exd5
9.Bd3 Bd6 10.Qe2 h6 11.b4 a6 12.O-O O-O 13.Rb1 Qe7 14.a4 Nf6 15.b5 axb5 16.axb5 Ne4
17.Bb2 Ng5 18.Ne5 Bxe5 19.dxe5 d4 20.f4 Ne6 21.f5 Qg5 22.fxe6 Qxe3+ 23.Qf2  1-0

[Event "FRG-ch"]
[Site "Menden"]
[Date "1974.??.??"]
[Round "?"]
[White "Eising, Johannes"]
[Black "Ostermeyer, Peter"]
[Result "1/2-1/2"]
[WhiteElo "2200"]
[BlackElo "2200"]

1.d4 Nf6 2.c4 e6 3.Nf3 b6 4.a3 Bb7 5.Nc3 d5 6.Bg5 Be7 7.Bxf6 Bxf6 8.cxd5 exd5
9.e3 Nd7 10.Rc1 c6 11.Bd3 Be7 12.b4 Bd6 13.Qb3 O-O 14.O-O Nf6 15.Rfe1 Re8
16.Rc2 Bc8 17.h3 Ne4 18.b5 Nxc3 19.Qxc3 c5 20.Rce2 c4 21.Bc2 a6 22.a4 axb5
23.axb5 Bd7 24.e4 Bxb5 25.exd5 Rxe2 26.Rxe2 Ra3 27.Qb2 Ba6 28.Qb1 g6 29.Ne5 Qf6
30.g3 b5 31.Re4  1/2-1/2

[Event "Nice olm fin-B"]
[Site "Nice"]
[Date "1974.??.??"]
[Round "12"]
[White "Prameshuber, Aleksander"]
[Black "Castro Rojas, Oscar Humberto"]
[Result "1-0"]
[WhiteElo "2200"]
[BlackElo "2330"]

1.d4 Nf6 2.Nf3 e6 3.c4 b6 4.a3 d5 5.cxd5 exd5 6.Bg5 Be7 7.e3 O-O 8.Nc3 h6
9.Bh4 c5 10.Be2 Nc6 11.O-O Be6 12.Qa4 Na5 13.Rad1 c4 14.Qc2 Re8 15.Ne5 Qc8
16.Bxf6 Bxf6 17.f4 Bf5 18.Qd2 Nb3 19.Qe1 Qe6 20.Bf3 Rad8 21.Rf2 Bxe5 22.fxe5 Bd3
23.Ne2 g5 24.Bh5 Bg6 25.Ng3 Kg7 26.Rf6 Qe7 27.Qf2 Rf8 28.Rf1 b5 29.Nf5+ Bxf5
30.Qxf5 Nd2 31.Bxf7  1-0

[Event "Rimavska Sobota"]
[Site "Rimavska Sobota"]
[Date "1974.??.??"]
[Round "2"]
[White "Ornstein, Axel"]
[Black "Blatny, Frantisek"]
[Result "1-0"]
[WhiteElo "2430"]
[BlackElo "2345"]

1.Nf3 Nf6 2.c4 b6 3.d4 e6 4.a3 d5 5.Nc3 Be7 6.Bg5 h6 7.Bxf6 Bxf6 8.e3 Bb7
9.cxd5 exd5 10.Qb3 O-O 11.Bd3 c6 12.O-O Na6 13.Rfe1 Nc7 14.Rad1 Ne6 15.Bb1 Re8
16.e4 Nf4 17.e5 Qd7 18.Ne2 Nxe2+ 19.Rxe2 g6 20.Rde1 Bg7 21.Qd3 Re6 22.h4 a5
23.Re3 c5 24.h5 Qe7 25.hxg6 fxg6 26.g3 Ba6 27.Qd1 Bb5 28.dxc5 bxc5 29.Qxd5 Bc6
30.Qc4 Rd8 31.Bxg6 Bd5 32.Qc2 Bxf3 33.Rxf3 Rxe5 34.Qc4+ Kh8 35.Rxe5 Qxe5
36.Bc2 Rd4 37.Qa6 Qe1+ 38.Kg2 Qe8 39.Re3 Qd8 40.Qg6 Qa8+ 41.Kh2  1-0

[Event "Stary Smokovec"]
[Site "Stary Smokovec"]
[Date "1974.??.??"]
[Round "7"]
[White "Peev, Peicho Chonev"]
[Black "Liebert, Heinz"]
[Result "0-1"]
[WhiteElo "2425"]
[BlackElo "2445"]

1.d4 Nf6 2.c4 e6 3.Nf3 b6 4.a3 Bb7 5.Nc3 d5 6.cxd5 exd5 7.Bg5 Be7 8.e3 Nbd7
9.Rc1 O-O 10.Bd3 a6 11.O-O c5 12.Qc2 c4 13.Bf5 g6 14.Bh3 b5 15.Ne5 Nxe5 16.dxe5 Nd7
17.Bh6 Nxe5 18.Bxf8 Bxf8 19.Rcd1 Bg7 20.Rd2 d4 21.Rxd4 Nf3+ 22.gxf3 Bxd4
23.Ne4 Bg7 24.Rd1 Qh4 25.Bg2 Rd8 26.Nc3 Rxd1+ 27.Nxd1 Qh5 28.Qe2 Be5 29.h3 Bf6
30.e4 Bc8 31.Ne3 Qe5 32.Nd1 Be6 33.Qd2 g5 34.Kf1 Kg7 35.Ke2 h6 36.Bf1 Qd4
37.Qe3 Be5 38.h4 Kg6 39.hxg5 hxg5 40.Ke1 Qd6 41.Be2 Qd4 42.Nc3 Qd6 43.Nd1 Qd8
44.Qc1 Qh8 45.Kd2 Qh2 46.Qc2 Bf4+ 47.Ke1 Qh1+ 48.Bf1 Bh3 49.Qe2 Bg2 50.Ne3 Bxf3
51.Qd2 Qh8 52.Qc2 Qd4  0-1

[Event "ARG-ch"]
[Site "Buenos Aires"]
[Date "1975.??.??"]
[Round "13"]
[White "Emma, Jaime"]
[Black "Brond, Victor"]
[Result "1-0"]
[WhiteElo "2405"]
[BlackElo "2310"]

1.Nf3 Nf6 2.c4 e6 3.d4 b6 4.a3 d5 5.Nc3 Be7 6.cxd5 exd5 7.Bg5 O-O 8.e3 Bb7
9.Rc1 Nbd7 10.Bd3 c5 11.O-O Ne4 12.Bxe7 Qxe7 13.Bb1 Nxc3 14.Rxc3 c4 15.Re1 b5
16.b3 f5 17.bxc4 bxc4 18.Qa4 a5 19.Qb5 Ra7 20.Bc2 Ba8 21.Qb1 Rb8 22.Qd1 g6
23.Ba4 Nf6 24.Bc2 Ne4 25.Bxe4 fxe4 26.Ne5 a4 27.Qg4 Rb3 28.Rcc1 Rc7 29.h4 Bb7
30.h5 Bc8 31.Qg3 g5 32.h6 Rb6 33.f3 exf3 34.Qxf3 Rxh6 35.Qxd5+ Be6 36.Qa8+ Rc8
37.Qe4 Rh4 38.Qf3 Qxa3 39.Qf6  1-0

[Event "FRG-ch International"]
[Site "Mannheim"]
[Date "1975.??.??"]
[Round "13"]
[White "Gerusel, Mathias"]
[Black "Parma, Bruno"]
[Result "1/2-1/2"]
[WhiteElo "2440"]
[BlackElo "2510"]

1.d4 Nf6 2.c4 e6 3.Nf3 b6 4.a3 Bb7 5.Nc3 d5 6.Bg5 Be7 7.e3 Nbd7 8.cxd5 exd5
9.Rc1 O-O 10.Bd3 c5 11.O-O Ne4 12.Bf4 Nxc3 13.Rxc3 c4 14.Be2 b5 15.Nd2 Nb6
16.Rc1 Bd6 17.Bxd6 Qxd6 18.Qc2 a5 19.Bf3 f5 20.Ra1 g6 21.b3  1/2-1/2

[Event "Mexico"]
[Site "Mexico"]
[Date "1975.??.??"]
[Round "6"]
[White "Lebredo, Gerardo"]
[Black "Silman, Jeremy D"]
[Result "1/2-1/2"]
[WhiteElo "2355"]
[BlackElo "2330"]

1.d4 Nf6 2.c4 e6 3.Nf3 b6 4.a3 Bb7 5.Nc3 d5 6.Bg5 Be7 7.e3 O-O 8.Bxf6 Bxf6
9.cxd5 exd5 10.Be2 Nd7 11.O-O Re8 12.Re1 Nf8 13.Bb5 c6 14.Ba4 Ne6 15.Rc1 Re7
16.Rc2 c5 17.Rd2 cxd4 18.exd4 a6 19.Rde2 Qd6 20.Ne5 b5 21.Bb3  1/2-1/2

[Event "URS-chT"]
[Site "Riga"]
[Date "1975.??.??"]
[Round "?"]
[White "Yuferov, Sergey  N"]
[Black "Rytov, Boris"]
[Result "0-1"]
[WhiteElo "2420"]
[BlackElo "2480"]

1.d4 Nf6 2.c4 e6 3.Nf3 b6 4.a3 Bb7 5.Nc3 Be7 6.d5 exd5 7.cxd5 O-O 8.e4 d6
9.Bd3 Nbd7 10.O-O Ne5 11.Nd4 Nxd3 12.Qxd3 Nd7 13.b4 Bf6 14.Be3 a5 15.Rac1 axb4
16.axb4 Ba6 17.b5 Nc5 18.Qc4 Bb7 19.Ra1 g6 20.Nde2 Qe7 21.f3 Rfb8 22.Bf2 Bc8
23.Bg3 Bd7 24.Kh1 Qe8 25.Rae1 Ra5 26.Rb1 Rba8 27.Rfe1 Qf8 28.Bf2 Qg7 29.Bd4 Ra3
30.Bxf6 Qxf6 31.Red1 Qh4 32.Qd4 R8a5 33.Kg1 Qe7 34.Rb4 f5 35.exf5 Bxf5 36.Ng3 Bc2
37.Rf1 Bd3 38.Rd1 Bc2 39.Rf1 Bd3 40.Rd1 Ra1 41.Nge4 Bc2 42.Rf1 Rxf1+ 43.Kxf1 Bd3+
44.Kf2 Bxe4 45.Nxe4 Qh4+ 46.Ke3 Qe1+  0-1

[Event "URS-chT"]
[Site "Riga"]
[Date "1975.??.??"]
[Round "?"]
[White "Popov, N."]
[Black "Karner, Hillar"]
[Result "1/2-1/2"]
[WhiteElo "2400"]
[BlackElo "2395"]

1.d4 Nf6 2.c4 e6 3.Nf3 b6 4.a3 Bb7 5.Nc3 Ne4 6.Nxe4 Bxe4 7.Bf4 d6 8.e3 c5
9.Be2 Be7 10.O-O O-O 11.b4 cxd4 12.exd4 Bf6 13.Nd2 Bb7 14.Nb3 Qd7 15.Qd3 a5
16.Rfd1 Rd8 17.Bg4 d5 18.c5 a4 19.Nd2 bxc5 20.bxc5 Nc6 21.Nf3 Ba6 22.Qe3 Bc4
23.Bd6 Re8 24.Ne5 Bxe5 25.dxe5 Na5 26.Rac1 Qb5 27.Qf4 Nb3 28.Rc3 Be2 29.Bxe2 Qxe2
30.Rf1 Nd2 31.Rfc1 Nb3 32.Rf1  1/2-1/2

[Event "Amsterdam"]
[Site "Amsterdam"]
[Date "1976.??.??"]
[Round "5"]
[White "Olafsson, Fridrik"]
[Black "Browne, Walter S"]
[Result "0-1"]
[WhiteElo "2550"]
[BlackElo "2585"]

1.d4 Nf6 2.c4 e6 3.Nf3 b6 4.a3 Bb7 5.Nc3 d5 6.cxd5 exd5 7.Bg5 Be7 8.e3 O-O
9.Be2 Nbd7 10.O-O Ne4 11.Bxe7 Qxe7 12.Rc1 Rfd8 13.Qa4 c5 14.Rfd1 a6 15.dxc5 Nxc3
16.Rxc3 bxc5 17.Bf1 Nf6 18.Qh4 h6 19.h3 a5 20.Nh2 Qd6 21.Rb3 Bc6 22.Rbd3 Rab8
23.R3d2 Rb6 24.Ng4 Nxg4 25.Qxg4 Qf6 26.e4 d4 27.Rc1 Qe7 28.Qf5 Bxe4 29.Qxc5 Qf6
30.Qxa5 Rbd6 31.Re1 Qf4 32.Rde2 f5 33.Qd2 Qh4 34.f3 d3 35.Re3 Rc6 36.fxe4 Rc2  0-1

[Event "Banja Luka"]
[Site "Banja Luka"]
[Date "1976.??.??"]
[Round "8"]
[White "Bagirov, Vladimir"]
[Black "Lombardy, William James"]
[Result "1/2-1/2"]
[WhiteElo "2490"]
[BlackElo "2520"]

1.d4 Nf6 2.c4 e6 3.Nf3 b6 4.a3 d5 5.Nc3 Be7 6.Bg5 O-O 7.e3 Bb7 8.Rc1 Nbd7
9.cxd5 exd5 10.Bd3 c5 11.O-O Ne4 12.Bf4 Nxc3 13.Rxc3 c4 14.Bb1 b5 15.Ne5 Nf6
16.f3 Nh5 17.Qc2  1/2-1/2

[Event "Banja Luka"]
[Site "Banja Luka"]
[Date "1976.??.??"]
[Round "12"]
[White "Bagirov, Vladimir"]
[Black "Parma, Bruno"]
[Result "1/2-1/2"]
[WhiteElo "2490"]
[BlackElo "2515"]

1.d4 Nf6 2.c4 e6 3.Nf3 b6 4.a3 Bb7 5.Nc3 d5 6.cxd5 exd5 7.Bg5 Be7 8.e3 O-O
9.Be2 Nbd7 10.O-O Ne4 11.Bxe7 Qxe7 12.Rc1 Rfc8 13.b4 Ndf6 14.Qb3 c5  1/2-1/2

[Event "DSV-Turnier"]
[Site "Halle"]
[Date "1976.??.??"]
[Round "?"]
[White "Malich, Burkhard"]
[Black "Augustin, Josef"]
[Result "1-0"]
[WhiteElo "2530"]
[BlackElo "2405"]

1.Nf3 Nf6 2.c4 e6 3.d4 b6 4.a3 Bb7 5.Nc3 d5 6.cxd5 Nxd5 7.e3 Be7 8.Bb5+ c6
9.Bd3 O-O 10.O-O c5 11.Nxd5 Qxd5 12.e4 Qh5 13.dxc5 Qxc5 14.Bf4 Nc6 15.Rc1 Qh5
16.h3 Rfd8 17.Qe2 Rac8 18.Ba6 Bxa6 19.Qxa6 f6 20.Qb7 e5 21.Rxc6 Rxc6 22.Qxe7 Qe8
23.Qxe8+ Rxe8 24.Bd2 Rd8 25.Bc3 Rc4 26.Re1 Kf8 27.Nh2 Ke7 28.f3 Rd3 29.Ng4 Kd6
30.Kf2 Rcxc3 31.bxc3 Rxc3 32.Ne3 Kc6 33.Ra1 Kb5 34.a4+ Ka5 35.h4 Rd3 36.Nf5 Rd7
37.g4 g6 38.Ne3 Rd2+ 39.Kg3 Rd4 40.g5 fxg5 41.hxg5 Rxa4 42.Nc4+ Kb4 43.Rxa4+ Kxa4
44.Nxe5 Kb5 45.f4 Kc5 46.Nd3+ Kd4 47.e5  1-0

[Event "Biel"]
[Site "Biel"]
[Date "1977.??.??"]
[Round "2"]
[White "Huss, Andreas"]
[Black "Lombard, Andre"]
[Result "1/2-1/2"]
[WhiteElo "2350"]
[BlackElo "2410"]

1.d4 Nf6 2.Nf3 e6 3.c4 b6 4.a3 d5 5.Nc3 Be7 6.Bg5 O-O 7.e3 Nbd7 8.cxd5 exd5
9.Qa4 c5 10.Bb5 Bb7 11.Bc6 Bxc6 12.Qxc6 Rc8 13.Qa4 cxd4 14.Nxd4 Nc5 15.Qd1 Qd7
16.O-O Ne6 17.Nxe6 Qxe6 18.Qb3 h6 19.Bxf6 Bxf6 20.Qxd5 Bxc3 21.Qxe6 fxe6
22.bxc3 Rxc3 23.Rfc1 Rfc8 24.Rxc3 Rxc3 25.g3 Kf7 26.Kg2 Ke7 27.h4 Kd6 28.Kf3 Kd5
29.h5 b5 30.g4 a6 31.Rd1+ Kc6 32.Ra1 Rc2 33.Kg3 a5 34.f4 Rc3 35.Kf3 Kc5 36.g5 Kc4  1/2-1/2

[Event "HUN-ch"]
[Site "Budapest"]
[Date "1977.??.??"]
[Round "?"]
[White "Eperjesi, Laszlo"]
[Black "Tompa, Janos"]
[Result "1/2-1/2"]
[WhiteElo "2400"]
[BlackElo "2410"]

1.d4 Nf6 2.c4 e6 3.Nf3 b6 4.a3 Bb7 5.Nc3 d5 6.cxd5 Nxd5 7.e3 Nxc3 8.bxc3 Nd7
9.Bd3 Bd6 10.e4 e5 11.O-O O-O 12.Re1 h6 13.Qe2 a5  1/2-1/2

[Event "HUN-ch"]
[Site "Budapest"]
[Date "1977.??.??"]
[Round "?"]
[White "Eperjesi, Laszlo"]
[Black "Csom, Istvan"]
[Result "1/2-1/2"]
[WhiteElo "2400"]
[BlackElo "2535"]

1.d4 Nf6 2.c4 e6 3.Nf3 b6 4.a3 d6 5.Nc3 c5 6.d5 e5 7.e4 Be7 8.h3 Nbd7 9.Be3 Nf8
10.b4 Ng6 11.g3 Bd7 12.Nd2 O-O 13.Bg2 Qc8 14.h4 Ng4 15.Qe2 Qd8 16.Nf1 Nxe3
17.Nxe3 Re8 18.Bh3 Bxh3 19.Rxh3 Nf8 20.Kf1 Qd7 21.Qg4 Qxg4 22.Nxg4 Rec8 23.Ne3 g6
24.Ke2 Nd7 25.Rhh1 a6 26.Rhc1 Ra7 27.Rab1 Bd8 28.b5 a5 29.h5 Bg5 30.Rh1 Nf6
31.hxg6 fxg6 32.f3 Rf7 33.Na4 Nd7 34.Ng2 Re8 35.Rbf1 Bd8 36.Ne3 Nf6 37.Ng4 Nxg4
38.fxg4 Ref8 39.Rxf7 Rxf7 40.Rf1 Rb7 41.Rf3 Kg7 42.Kf2 Rd7 43.Kg2  1/2-1/2

[Event "Lone Pine"]
[Site "Lone Pine"]
[Date "1977.??.??"]
[Round "4"]
[White "Nickoloff, Bryon"]
[Black "Browne, Walter S"]
[Result "0-1"]
[WhiteElo "2200"]
[BlackElo "2545"]

1.Nf3 Nf6 2.c4 b6 3.d4 e6 4.a3 Bb7 5.Nc3 d5 6.cxd5 exd5 7.Bg5 Be7 8.Rc1 O-O
9.e3 Nbd7 10.Bb5 a6 11.Ba4 b5 12.Bc2 Ne4 13.Bxe7 Qxe7 14.Bb1 Rac8 15.O-O Rfe8
16.Ne2 Nd6 17.Nf4 Nc4 18.Nd3 a5 19.Re1 a4 20.Qc2 g6 21.Qc3 Qd6 22.Re2 Qb6
23.Qb4 Rb8 24.Rce1 Bc8 25.Nd2 Qf6 26.Nf1 h5 27.Nc5 c6 28.Nxd7 Bxd7 29.Qc5 Bf5
30.Qb4 Re6 31.Nd2 Bxb1 32.Rxb1 Qf5 33.Rbe1 Nxd2 34.Rxd2 h4 35.h3 g5 36.Qc3 Qg6
37.Qd3 f5 38.Rc1 Rbe8 39.Rdc2 Rf6 40.Rc3 Ree6 41.Qc2 g4 42.hxg4 Qxg4 43.Qd1 Qg5
44.Qf3 f4 45.exf4 Rxf4 46.Qh3 Rfe4 47.Re3 Rxe3 48.fxe3 Qxe3+ 49.Qxe3 Rxe3
50.Rxc6 Re2 51.Rc5 Rxb2 52.Rxd5 h3 53.Rd8+ Kf7 54.Ra8 Rxg2+ 55.Kh1 Rb2 56.Ra6 Ke7
57.d5 Rd2  0-1

[Event "Amsterdam zt"]
[Site "Amsterdam"]
[Date "1978.??.??"]
[Round "1"]
[White "Langeweg, Kick"]
[Black "Ligterink, Gert"]
[Result "1/2-1/2"]
[WhiteElo "2450"]
[BlackElo "2440"]

1.d4 Nf6 2.c4 e6 3.Nf3 b6 4.a3 Bb7 5.Nc3 d5 6.cxd5 exd5 7.g3 Be7 8.Bg2 O-O
9.O-O Na6 10.Bf4 c5 11.Ne5 Re8 12.Rc1 Nc7 13.dxc5 bxc5 14.Qa4 Ne6 15.Bd2 Qc7
16.Ng4 Bc6 17.Nxf6+ Bxf6 18.Qa6  1/2-1/2

[Event "Buenos Aires ol (Men)"]
[Site "Buenos Aires"]
[Date "1978.??.??"]
[Round "?"]
[White "Huss, Andreas"]
[Black "Bordonada, Glenn"]
[Result "1/2-1/2"]
[WhiteElo "2340"]
[BlackElo "2360"]

1.d4 Nf6 2.Nf3 e6 3.c4 b6 4.a3 Bb7 5.Nc3 d5 6.Bg5 Be7 7.e3 O-O 8.Bxf6 Bxf6
9.cxd5 exd5 10.Be2 c5 11.O-O Qd6 12.dxc5 bxc5 13.Ne4 Qb6 14.Nxf6+ Qxf6 15.Rc1 Qb6
16.Qc2 Nd7 17.b4 c4 18.Rfd1 Nf6 19.Nd2 Rfe8 20.Bf3 Rac8 21.Nb1 a5 22.Qd2 axb4
23.Qxb4 Qc7 24.Nc3 Rb8 25.Nb5 Qe5 26.Qc3 Qg5 27.Nd4 Nd7 28.Rb1 Ba8 29.Rb4 Nc5
30.Rdb1 Rbc8 31.a4 Nd3 32.Rb6 Rxe3 33.h4 Qxh4 34.fxe3 Qf2+ 35.Kh2  1/2-1/2

[Event "Buenos Aires ol (Men)"]
[Site "Buenos Aires"]
[Date "1978.??.??"]
[Round "?"]
[White "Ghitescu, Theodor"]
[Black "Ivkov, Borislav"]
[Result "1/2-1/2"]
[WhiteElo "2450"]
[BlackElo "2515"]

1.d4 Nf6 2.c4 e6 3.Nf3 b6 4.a3 Bb7 5.Nc3 d5 6.cxd5 exd5 7.Bf4 Bd6 8.Bxd6 cxd6
9.e3 O-O 10.Rc1 Ne4 11.Qb3 Nxc3 12.Rxc3 Nd7 13.Bb5 Rc8 14.O-O Rxc3 15.Qxc3 Nf6
16.Rc1 Qa8 17.Qb4 Ne4 18.Bd7 Rd8 19.Qa4 g6 20.Bb5 Rc8 21.Qd1 a5 22.Ne1 Ba6
23.Bxa6 Qxa6 24.f3 Rxc1 25.Qxc1 Nf6 26.Qc2 h5 27.Kf2 Qb5 28.a4 Qd7 29.Qb3 Qc6
30.Nc2 h4 31.Ke2 Kg7 32.Kd2 h3 33.g4 Nh7 34.Qb5 Qxb5 35.axb5 f5 36.gxf5 gxf5
37.Ke2 Ng5 38.Na3 Ne6 39.f4 Nc7 40.Kf3 Kg6 41.Kg3 Kh5  1/2-1/2

[Event "Buenos Aires ol (Men)"]
[Site "Buenos Aires"]
[Date "1978.??.??"]
[Round "?"]
[White "Spassov, Liuben"]
[Black "Csom, Istvan"]
[Result "1/2-1/2"]
[WhiteElo "2450"]
[BlackElo "2510"]

1.d4 Nf6 2.c4 e6 3.Nf3 b6 4.a3 c5 5.d5 Ba6 6.Qc2 exd5 7.cxd5 g6 8.Nc3 Bg7
9.Bg5 d6 10.e4 Bxf1 11.Kxf1 O-O 12.g3 Nbd7 13.Kg2 a6 14.a4 Qc7 15.b3 Rab8
16.h3 Rfe8 17.Rhe1 b5 18.axb5 axb5 19.Ra6 Rb6 20.Rxb6 Qxb6 21.Bc1 Rc8 22.Bb2 Ne8
23.Ra1 c4 24.b4 Nc7 25.Ne2 Bxb2 26.Qxb2 Qb7 27.Qd4 Ra8 28.Nh2 f6 29.Ng4 Kf7
30.Ne3 Rxa1 31.Qxa1 Qb6 32.Nd4 Ne5 33.h4  1/2-1/2

[Event "Clarin"]
[Site "Buenos Aires"]
[Date "1978.??.??"]
[Round "9"]
[White "Gheorghiu, Florin"]
[Black "Panno, Oscar"]
[Result "1/2-1/2"]
[WhiteElo "2520"]
[BlackElo "2580"]

1.c4 Nf6 2.d4 e6 3.Nf3 b6 4.a3 Bb7 5.Nc3 Ne4 6.Nxe4 Bxe4 7.e3 Be7 8.Bd3 Bxd3
9.Qxd3 d5 10.e4 O-O 11.O-O dxe4 12.Qxe4 Nd7 13.Rd1 Nf6 14.Qe2 c6 15.Bf4 Rc8
16.Ne5 Nd7 17.d5 exd5 18.cxd5 Nxe5 19.dxc6 Qe8 20.Bxe5 Bf6 21.Re1 Qxc6 22.Bxf6 Qxf6
23.Rad1 Rc7 24.Rc1 Rxc1 25.Rxc1 g6 26.g3 Rd8  1/2-1/2

[Event "Clarin"]
[Site "Buenos Aires"]
[Date "1978.??.??"]
[Round "11"]
[White "Garcia Palermo, Carlos"]
[Black "Keene, Raymond D"]
[Result "1-0"]
[WhiteElo "2385"]
[BlackElo "2480"]

1.d4 Nf6 2.c4 e6 3.Nf3 b6 4.a3 c5 5.e3 Be7 6.Nc3 O-O 7.Bd3 d5 8.O-O Nc6 9.dxc5 bxc5
10.Qc2 Qc7 11.b3 Ne5 12.Nxe5 Qxe5 13.f4 Qc7 14.e4 dxe4 15.Nxe4 Ng4 16.h3 Nh6
17.Ng3 f5 18.Bb2 Bf6 19.Rae1 Bd7 20.Nh5 Bxb2 21.Qxb2 Be8 22.Ng3 Rd8 23.Rf3 Bf7
24.b4 Rd4 25.Re5 Qd7 26.Qc3 cxb4 27.axb4 Rd8 28.Bf1 Kh8 29.c5 Ng8 30.c6 Qc7
31.b5 Nf6 32.Qc5 R4d5 33.Rxd5 Nxd5 34.Ra3 Ra8 35.Ne2 Nb6 36.Qe5 Rc8 37.Qxc7 Rxc7
38.Nd4 Kg8 39.g3 Kf8 40.Re3 Re7 41.Bd3 g6 42.Bc2 Kg7 43.Nf3 Kf6 44.Kf2 h6
45.h4 Be8 46.Ra3 Rc7 47.Bd3 Nd5 48.Bc4 Nb6 49.Ba2 Nc8 50.Bb1 Nd6 51.Bd3 Nf7
52.Bc4 Nd6 53.Ne5 Ne4+ 54.Kf3 g5 55.Bd3 Nd6 56.Ke3 gxh4 57.gxh4 Rg7 58.Kd4 Nc8
59.Kc5 Rg1 60.Bc4 Rc1 61.Ra2 Rh1 62.Rg2 Rxh4 63.Rg8 Ke7 64.Rg7+ Kf6 65.Rg8 Ke7
66.Rg7+ Kf6 67.Rc7 Ne7 68.Rxe7 Kxe7 69.c7 Bd7 70.Ng6+ Kf6 71.Nxh4 e5 72.Kd6  1-0

[Event "Clarin"]
[Site "Buenos Aires"]
[Date "1978.??.??"]
[Round "13"]
[White "Gheorghiu, Florin"]
[Black "Garcia Palermo, Carlos"]
[Result "1/2-1/2"]
[WhiteElo "2520"]
[BlackElo "2385"]

1.d4 Nf6 2.c4 e6 3.Nf3 b6 4.a3 Bb7 5.Nc3 d5 6.cxd5 exd5 7.g3 Be7 8.Bg2 O-O
9.O-O c5 10.Bf4 Nbd7 11.Ne5 a6 12.Nxd7 Qxd7 13.Na4 Qe6 14.Bc7 Nd7 15.Nxb6 Nxb6
16.Qb3 Bd8 17.Bxd8 Rfxd8 18.dxc5 Nc4 19.Qxb7 Rab8 20.Qc7 Rdc8 21.Qf4 Rxb2
22.Rad1 Rxc5 23.Bxd5 Rxd5 24.Qxc4 Rdd2 25.Rxd2 Rxd2 26.Rc1 h6 27.Qc8+ Qxc8
28.Rxc8+ Kh7 29.e3 Ra2 30.Rc3 g5 31.g4 a5 32.Kg2 a4 33.e4 Kg6 34.e5 h5 35.h3 hxg4
36.hxg4 Kg7 37.Rf3 Re2 38.Rf5 Kg6 39.Rf6+ Kg7 40.Ra6 Re4 41.Kf3 Rf4+ 42.Kg3 Re4
43.Ra5 Rc4 44.f3 Kf8 45.Ra8+ Ke7 46.Rg8 f6 47.Rg6 fxe5 48.Rxg5 Kf6 49.Rf5+ Ke6
50.Rf8 Rc3 51.g5 e4 52.Kg4 Rxf3 53.Re8+ Kf7 54.Rxe4 Rxa3 55.Rb4 Rb3 56.Rxa4 Rb6
57.Kh5 Kg8 58.Ra8+ Kg7 59.Ra7+ Kg8 60.Rd7 Ra6  1/2-1/2

[Event "Wch U20"]
[Site "Graz"]
[Date "1978.??.??"]
[Round "4"]
[White "Toshkov, Tihomir"]
[Black "Petursson, Margeir"]
[Result "0-1"]
[WhiteElo "2200"]
[BlackElo "2350"]

1.d4 Nf6 2.c4 e6 3.Nf3 b6 4.a3 c5 5.d5 Ba6 6.Qc2 Qe7 7.Bg5 exd5 8.cxd5 Qe4
9.Qxe4+ Nxe4 10.Nbd2 Nxg5 11.Nxg5 Be7 12.Nge4 O-O 13.e3 f5 14.Nc3 Bf6 15.O-O-O Bxf1
16.Rhxf1 Bxc3 17.bxc3 Na6 18.Nc4 b5 19.Na5 Rab8 20.Kc2 c4 21.d6 Nc5 22.Rd5 Nd3
23.f4 Rfe8 24.Kd2 a6 25.a4 Re4 26.Rb1 b4 27.cxb4 Nxb4 28.Rc5 c3+ 29.Rxc3 Rbe8
30.Rc5 R8e6 31.Rxf5 Rxd6+ 32.Ke2 Rd3 33.Kf3 Rdxe3+ 34.Kg4 g6 35.Rf6 Nd5 36.Rb8+ Kg7
37.Rff8 Nf6+ 38.Rxf6 Kxf6 39.Rb6+ Re6 40.Rb7 h5+ 41.Kh4 R3e4 42.g3 g5+ 43.Kxh5 gxf4  0-1

[Event "Lvov zt"]
[Site "Lvov"]
[Date "1978.??.??"]
[Round "1"]
[White "Vaganian, Rafael A"]
[Black "Savon, Vladimir A"]
[Result "1/2-1/2"]
[WhiteElo "2570"]
[BlackElo "2560"]

1.d4 Nf6 2.c4 e6 3.Nf3 b6 4.a3 Bb7 5.Nc3 d5 6.cxd5 exd5 7.g3 g6 8.Bg2 Bg7
9.Bg5 O-O 10.Qd2 Nbd7 11.Ne5 Qe8 12.Nxd7 Qxd7  1/2-1/2